000 00471nam a22002057a 4500
003 OSt
005 20241213110358.0
008 241213b |||||||| |||| 00| 0 eng d
020 _a9789356222212
040 _cSKBL
041 _aeng
082 _a658.8
100 _aPanda,Tapan Kumar
_eaut
245 _amarketing Management Text and Cases
250 _a3rd
260 _aNew Delhi
_bTaxmann Publication
_c2022
300 _a833p.
700 _eaut
942 _cBK
999 _c67426
_d67426